000 01932nam a2200505 c 4500
001 52083
003 ES-MaCES
005 20250203133759.0
007 cr |||||||||||
008 220119s2021 sp 000 ||spa d
017 _aNA 493-2021
_bDL
020 _a9788413903293
020 _a9788413903316 (electrónico)
040 _aES-MaCES
_bspa
_cES-MaCES
100 1 _940140
_aDomínguez Alonso, Alma Patricia
245 1 0 _aCooperación al desarrollo
_b: la Agenda 2030 de Naciones Unidas y Derecho de la Unión Europea, español y autonómico
_cAlma Patricia Domínguez Alonso
250 _a1ª ed
260 _aCizur Menor (Navarra)
_bAranzadi-Thomson Reuters
_c2021
300 _a108 p.
_c21 cm
490 1 _aEstudios
500 _a Publicación en formato DÚO (papel + libro ectrónico). Disponible en formato electrónico mediante la aplicación PROVIEW
504 _aBibliografía: p. 97-108
541 _cCompra
650 4 _aayuda al desarrollo
_926634
650 4 _apolítica de desarrollo
_927014
650 4 _adesarrollo sostenible
_930785
650 4 _adesarrollo económico y social
_929234
650 4 _apapel de la ONU
_929145
650 4 _a2015-2030
_931692
650 4 _apolítica comunitaria
_930776
650 4 _aderecho comunitario
_929866
650 4 _aEspaña
_926964
650 4 _aComunidades Autónomas
_930768
650 4 _aderecho administrativo
_927155
650 4 _aderecho internacional
_926684
650 4 _arégimen jurídico
_929894
653 1 0 _aCooperación al desarrollo
700 1 _910789
_aDíez Sastre, Silvia
_edir.
700 1 _922322
_aRodríguez de Santiago, José María
_edir.
700 1 _939950
_aCastillo Abella, Jorge
830 0 _aEstudios (Thomson Reuters-Aranzadi)
_934937
856 4 _uhttps://miespacio.aranzadilaley.es/Account/Login
_yLegalteca
902 _aLIB Libro
942 _2CES
_cBK
_h1.2.
999 _c52083
_d52083